Najwięksi partnerzy handlowi – Wielka Brytania - Statystyki

Ogólne statystyki
  • Ten quiz został rozwiązany 35 razy
  • Średni wynik to 15 z 18
Statystyki odpowiedzi
Eksport Import Państwo % Poprawnych
11,92 mld 26,46 mld Hiszpania
100%
8,42 mld 19,94 mld Polska
100%
71,32 mld 92,08 mld Stany Zjednoczone
100%
58,61 mld 102,31 mld Chiny
97%
28,47 mld 38,98 mld Francja
97%
8,73 mld 15,33 mld Indie
97%
38,81 mld 76,29 mld Niemcy
97%
33,72 mld 26,33 mld Holandia
94%
24,77 mld Kanada
94%
29,26 mld 20,13 mld Irlandia
91%
11,19 mld 31,94 mld Włochy
91%
21,59 mld 18,37 mld Belgia
85%
7,59 mld 13,49 mld Japonia
82%
28,96 mld 19,35 mld Szwajcaria
76%
7,83 mld 18,52 mld Turcja
76%
29,22 mld Norwegia
74%
8,06 mld Singapur
32%
12,32 mld Zjednoczone Emiraty Arabskie
32%
Nie znaleziono quizów pasujących do podanych kryteriów
Rozkład punktacji
Procent ludzi z każdym wynikiem
Percentyl według liczby udzielonych odpowiedzi
Twoja historia wyników
Nie rozwiązałeś tego quizu